000
00333 a2200109 4500
001
ART_7373
005
20260410161623.0
008
260409a
245
1
0
_a
Regulaciones sobre información ambiental en Argentina y EE.UU.
100
1
_a
García Fronti, Inés M.
773
0
_t
Enfoques
_g
- Nº 4 (abr. 2012)
_w
REV416
999
_c
11770
_d
11770